Dacie and Lewis practical haematology (Record no. 5760)
[ view plain ]
| 000 -LEADER | |
|---|---|
| fixed length control field | 01315cam a22003734a 4500 |
| 020 ## - INTERNATIONAL STANDARD BOOK NUMBER | |
| International Standard Book Number | 0443066604 (pbk.) |
| 020 ## - INTERNATIONAL STANDARD BOOK NUMBER | |
| International Standard Book Number | 9780443066603 (pbk.) |
| 035 ## - SYSTEM CONTROL NUMBER | |
| System control number | (OCoLC)ocm61518312 |
| 042 ## - AUTHENTICATION CODE | |
| Authentication code | pcc |
| 060 00 - NATIONAL LIBRARY OF MEDICINE CALL NUMBER | |
| Classification number | 2006 E-819 |
| 060 10 - NATIONAL LIBRARY OF MEDICINE CALL NUMBER | |
| Classification number | QY 400 |
| Item number | D1177 2006 |
| 082 00 - DEWEY DECIMAL CLASSIFICATION NUMBER | |
| Classification number | 616.07561 |
| Author Mark | LEW |
| 100 ## - MAIN ENTRY--PERSONAL NAME | |
| Author Name | lewis S, mitchell |
| 245 00 - TITLE STATEMENT | |
| Title | Dacie and Lewis practical haematology |
| 250 ## - EDITION STATEMENT | |
| Edition statement | 10th ed. |
| 260 ## - PUBLICATION, DISTRIBUTION, ETC. | |
| Place of publication, distribution, etc. | Philadelphia : |
| Name of publisher, distributor, etc. | Churchill Livingstone/Elsevier, |
| Date of publication, distribution, etc. | c2006. |
| 300 ## - PHYSICAL DESCRIPTION | |
| No of Pages | xiii, 722 p. : |
| illustrations | col. ill. ; |
| Dimensions | 24 cm. |
| 500 ## - GENERAL NOTE | |
| General note | Rev. ed. of: Practical haematology / Sir John V. Dacie, S.M. Lewis. 8th ed. 1995. |
| 504 ## - BIBLIOGRAPHY, ETC. NOTE | |
| Bibliography, Index, etc. note | Includes bibliographical references and index. |
| 650 #0 - SUBJECT ADDED ENTRY--TOPICAL TERM | |
| Subject | Blood |
| 650 #0 - SUBJECT ADDED ENTRY--TOPICAL TERM | |
| Subject | Hematology |
| 650 12 - SUBJECT ADDED ENTRY--TOPICAL TERM | |
| Subject | Hematologic Diseases |
| 650 12 - SUBJECT ADDED ENTRY--TOPICAL TERM | |
| Subject | Hematologic Tests. |
| 650 22 - SUBJECT ADDED ENTRY--TOPICAL TERM | |
| Subject | Blood. |
| Keywords | HANDLING BLOOD |
| -- | haematological techniques |
| -- | bone marrow biopsy |
| -- | iron deficiency anaemia and iron overload |
| 650 22 - SUBJECT ADDED ENTRY--TOPICAL TERM | |
| Subject | Laboratory Techniques and Procedures. |
| 906 ## - LOCAL DATA ELEMENT F, LDF (RLIN) | |
| a | 7 |
| b | cbc |
| c | orignew |
| d | 1 |
| e | ocip |
| f | 20 |
| g | y-gencatlg |
| 942 ## - ADDED ENTRY ELEMENTS (KOHA) | |
| Source of classification or shelving scheme | |
| Koha item type | Books |
| Item status | Home library | Current library | Shelving location | Date acquired | Total Checkouts | Full call number | Barcode | Date last seen | Koha item type |
|---|---|---|---|---|---|---|---|---|---|
| Islamabad Medical and Dental College | Islamabad Medical and Dental College | Islamabad Medical and Dental College | 16/03/2018 | 616.07561 LEW | 7507 | 16/03/2018 | Books |
